000 00495nam a2200157 i 4500
001 82920
003 ES-MaACL
005 20230906174743.0
007 t|
008 041112s1980 sp s ||||1| spa d
245 0 0 _aCenso industrial de España 1978
_b: serie provincial : Jaén /
_cInstituto Nacional de Estadística.
260 _a[Madrid :
_bs.n.,
_c1980]
300 _a79 p. ;
_c29 cm.
710 2 _aInstituto Nacional de Estadística (España)
_95162
852 _aES-MaACL
_jG-4318
_bR.100408
999 _c82920
_d82920